Statistics for Countries with the the Most Skyscrapers per Capita

Click here to take the quiz!

General Stats

  • This quiz has been taken 13,576 times
  • The average score is 14 of 20

Answer Stats

People per SkyscraperCountry% Correct
403,000United States
96%
612,000China
92%
483,000Japan
90%
62,600Singapore
88%
339,000Canada
87%
37,200United Arab Emirates
86%
211,000Australia
79%
220,000South Korea
78%
1,040,000Saudi Arabia
77%
81,000Qatar
75%
337,000Malaysia
70%
645,000Taiwan
70%
254,000Kuwait
65%
647,000Thailand
65%
134,000Bahrain
63%
39,400Monaco
60%
398,000Israel
56%
1,210,000New Zealand
53%
1,200,000Philippines
52%
80,800Panama
30%

Score Distribution

Percentile by Number Answered

Percent of People with Each Score

Your Score History

You have not taken this quiz